000 01211nam a2200229Ia 4500
001 L890-39739
003 IT-CnALBA
008 170116s9999||||xx |||||||||||||| ||und||
040 _aIT-CnALBA
_cIT-CnALBA
041 _aITALIANO
100 _aMANINETTI LUCIO
245 0 _aIDRA. SEMESTRALE DI LETTERATURA. ANNO II N. 4.
250 _a1a ed.
260 _a RECCO, GENOVA
_bIL MELANGOLO NUOVO
_c1991 [1° Ed.:1991 - Ed.Ling.Originale: 1991]
300 _a162 p.
500 _aCHIARUTTINI M. DI STEFANO P. FONTANA G. LOMBARDI E. DUE RACCONTI DI DEL GIUDICE D. SAGGIO DI BARTAZZI G. SS3. DI PRESSBURGER G. IL MORMORIO DELLA TERRA. VIII POESIE TRADOTTE. DA ACQUE DI SCOLO, UNA PERIZIA. A COLOQUIO CON L'IDRA DI BOLLATI G. NOTIZIE.
501 _aSocietà San Paolo EM - Piazza San Paolo, 14 - 12051 ALBA (CN) (non commercial uses only) ® Copyright 2017
520 _aCHIARUTTINI M. DI STEFANO P. FONTANA G. LOMBARDI E. DUE RACCONTI DI DEL GIUDICE D. SAGGIO DI BARTAZZI G. SS3. DI PRESSBURGER G. IL MORMORIO DELLA TERRA. VIII POESIE TRADOTTE. DA ACQUE DI SCOLO, UNA PERIZIA. A COLOQUIO CON L'IDRA DI BOLLATI G. NOTIZIE.
650 _aLETTERATURE IN ALTRE LINGUE
942 _cBK
957 _71
999 _a44693
_bNO
_g Copie: 1
_c298723
_d298723